Culture Générale - Série 2719 - Statistiques

Statistiques générales
  • Ce quiz a été pris 52 fois
  • Le résultat moyen est 4 sur 10
Statistiques - réponses
Question Réponse % Correct
Femelle du sanglier - chemin forestier laie
89%
Quelle ville du Cher est célèbre depuis 1977 pour ses printemps ? Bourges
73%
De quel pays Mogadiscio est-elle la capitale ? Somalie
61%
Altdorf est le chef-lieu de ce canton suisse - 3 lettres Uri
43%
L'eau dans la nature (mer, lac, rivière…) - Déformation, ébranlement ou vibration qui se propage dans un milieu donné onde
39%
Dieu marin fils de Poséidon et d'Amphitrite - Petit amphibien urodèle des eaux douces - voir photo triton
36%
Quel mot désigne un "remède universel", ou encore "remède miraculeux" ? - 7 lettres commençant par " p " panacée
30%
Pièce saillante qui forme la proue d'un navire étrave
11%
Comment appelle-t-on la bouteille en verre conçue pour contenir l'équivalent de seize bouteilles de 75 cl, soit douze litres ? Bathazar
0%
Boisson à base de lait fermenté, originaire d'Asie Centrale et issue d'une double fermentation lactique et alcoolique - 6 lettres commençant par " k " koumis
0%
Aucun quiz correspondant
Distribution des résultats
% des personnes avec chaque résultat
Percentile par nombre de réponses
Votre historique - résultats
Vous n’avez pas pris ce quiz